Catálogo

Vista normal Vista MARC

Entrada Personal Name

Número de registros utilizados en: 1

001 - CONTROL NUMBER

  • control field: 13097

003 - CONTROL NUMBER IDENTIFIER

  • control field: DLC

005 - DATE AND TIME OF LATEST TRANSACTION

  • control field: 20220810164142.0

008 - FIXED-LENGTH DATA ELEMENTS

  • fixed length control field: 800507n| acannaabn |n aaa

010 ## - LIBRARY OF CONGRESS CONTROL NUMBER

  • LC control number: n 79092546
  • Canceled/invalid LC control number: n 84161731

035 ## - SYSTEM CONTROL NUMBER

  • System control number: (OCoLC)oca00324828

040 ## - CATALOGING SOURCE

  • Original cataloging agency: DLC
  • Language of cataloging: spa
  • Transcribing agency: Mx-PuUPA
  • Modifying agency: DLC
  • Modifying agency: OCoLC
  • Modifying agency: Mx-PuUPA
  • Description conventions: rda

100 1# - HEADING--PERSONAL NAME

  • Personal name: Landy, Marc Karnis,

374 ## - OCCUPATION

  • Occupation: Autor

375 ## - GENDER

  • Gender: hombre

377 ## - ASSOCIATED LANGUAGE

  • Language code: eng

670 ## - SOURCE DATA FOUND

  • Source citation: His The politics of environmental reform, 1976:
  • Information found: t.p. (Marc Karnis Landy)

670 ## - SOURCE DATA FOUND

  • Source citation: His The Environmental Protection Agency, 1989:
  • Information found: CIP t.p. (Marc K. Landy; Boston College)

670 ## - SOURCE DATA FOUND

  • Source citation: Phone call to Landy residence, 10/16/89
  • Information found: (Marc Karnis Landy; b. 9/7/46; not same as Marc Fred Landy, who also writes on the environment)